000 00670nam a2200229Ia 4500
003 OSt
005 20260114164200.0
008 210716s2012 xx 000 0 und d
020 _a9788180941054
040 _cAIMIT LIBRARY
041 _aeng
082 _a628
_21
_bIGNS
100 _aIgnacimuthu, S.
_9251316
245 _aEnvironmental studies /
_cBy S. Ignacimuthu.
250 _a1st ed.
260 _aChennai :
_bMJP Publishers ,
_c2012.
300 _axx;261 p.;
_bPB
_c25 cm.
650 _aAbiotic environmental factors
_9251317
650 _aBiological resources
_9251318
650 _aEnvironmental biotechnology
_9251319
942 _2ddc
_cBK
_e1st
_k628 IGNS
999 _c192352
_d192352